Bravest of the Brave (Record no. 49309)
[ view plain ]
| 000 -LEADER | |
|---|---|
| fixed length control field | 003420000a22001570004500 |
| 001 - CONTROL NUMBER | |
| control field | 000002 |
| 003 - CONTROL NUMBER IDENTIFIER | |
| control field | MACL |
| 040 ## - CATALOGING SOURCE | |
| Original cataloging agency | MACL |
| 090 ## - LOCALLY ASSIGNED LC-TYPE CALL NUMBER (OCLC); LOCAL CALL NUMBER (RLIN) | |
| -- | 2 |
| -- | 2 |
| 100 ## - MAIN ENTRY--PERSONAL NAME | |
| Personal name | Reddy, Kittu |
| 245 ## - TITLE STATEMENT | |
| Title | Bravest of the Brave |
| Remainder of title | Heroes Of The Indian Army |
| Statement of responsibility, etc. | Kittu Reddy |
| 260 ## - PUBLICATION, DISTRIBUTION, ETC. (IMPRINT) | |
| Place of publication, distribution, etc. | Oceams Books, |
| Date of publication, distribution, etc. | 1997 |
| 350 ## - PRICE (NR) (BK AM CF MU VM SE) [OBSOLETE] | |
| Price | 150 |
| 650 ## - SUBJECT ADDED ENTRY--TOPICAL TERM | |
| Topical term or geographic name as entry element | Army |
| 942 ## - ADDED ENTRY ELEMENTS (KOHA) | |
| Call number prefix | 358 |
| Koha item type | Library Membar |
No items available.









